00878 a2200169 4500003000500000005001700005040000900022082001100031100002000042245009700062260002400159300001700183505043800200538002900638600002000667650002100687Nust20170207153422.0 cNust a355.28 aMerritt Hardy L aMobilization and the national defencebNational defensecHardy L. Merritt & Luther F. Carter aPakistanbNDUc1985 axiii,186 p.; aMobilization for National Defense (Page-1), A Strategic Rationale for Mobilization (Page-7), Management Structures for Industrial Mobilization in the 1980s (Page-25), The Defense Production Act (Page-37), The Impact of Corporate Resource Allocation Decisions on National Security Objectives (Page-61), The Guard and Reserve Towards Fuller Realization (Page-111), Military Retires (Page-133), Yestarday, Today and Tomorrow (Page-149), aAlmirah No.53 Shelf No.6 aHardy L Merritt aNational Defence